00807nam a22001817a 4500003000900000008004100009020001700050040007100067082002400138100003100162245005000193260004200243300003900285505023900324650001900563650001800582650002500600AR-CdUCM190304b ||||| |||| 00| 0 spa d a94-7232412-5 aMUNICIPALIDAD PROVINCIAL DEL CUSCOcBIBLIOTECA MUNICIPAL DEL CUSCO 22ed.a325.46 /bF36 aFernández-Shaw, Carlos M aPresencia española en los Estados Unidos /  aMadrid : bCultura Hispánica,c1987 a922 paginas ;bmapas col. c24 cm. aBosquejo histórico de las relaciones hispanoamericanas -- Participación en la guerra de la independencia -- Actividad misional y civilizadora -- Estados de la costa atlántica -- Las dos Virginias, las dos Carolinas y Georgia... aEstados Unidos aNorte America aPresencia Española